Asian Countries by 4th Letter Quiz Stats

 Plays Quiz Updated Aug 27, 2017

Challenge
Share
Tweet
Embed
Score 0/16 Timer 03:00
0 Plays Today
Letter Countries % Correct
AIsrael...
96.6%
IIndia...
88%
NBrunei...
87.6%
GBangladesh...
82.5%
TBhutan...
81.7%
SLaos...
75.3%
DJordan...
72.3%
EArmenia...
71.9%
Letter Countries % Correct
QIraq
66.6%
KTurkey...
65.6%
LPhilippines...
64.3%
OIndonesia...
61.8%
RAzerbaijan...
60.3%
BCambodia
60.1%
HAfghanistan
49.2%
WTaiwan
44.3%

You're not logged in!

Compare scores with friends on all Sporcle quizzes.
OR
Log In

You Might Also Like...

Show Comments

Extras

Top Quizzes Today


Score Distribution

Your Account Isn't Verified!

In order to create a playlist on Sporcle, you need to verify the email address you used during registration. Go to your Sporcle Settings to finish the process.

Report this User

Report this user for behavior that violates our Community Guidelines.

Details: